Vplyv reštrukturalizácie na základ dane z príjmov

Reštrukturalizácia je zákonom presne stanovený proces smerujúci k záchrane dlžníka, v ktorom sa dohodne dlžník s veriteľmi na vysporiadaní ich pohľadávok a zachová sa ďalšia prevádzka podniku dlžníka vrátane zamestnanosti aj po skončení reštrukturalizácie. Legislatívna úprava reštrukturalizácie.

Salvato in:
Dettagli Bibliografici
Autore principale: Vanková, Lucia
Natura: Capitolo di libro
Lingua:slovacco
Soggetti:
Tags: Aggiungi Tag
Nessun Tag, puoi essere il primo ad aggiungerne!!

MARC

LEADER 00000naa a2200000 4500
001 0220812
005 20240221132829.7
041 0 |a slo 
044 |a SK 
245 1 0 |a Vplyv reštrukturalizácie na základ dane z príjmov  |c Lucia Vanková 
520 |a Reštrukturalizácia je zákonom presne stanovený proces smerujúci k záchrane dlžníka, v ktorom sa dohodne dlžník s veriteľmi na vysporiadaní ich pohľadávok a zachová sa ďalšia prevádzka podniku dlžníka vrátane zamestnanosti aj po skončení reštrukturalizácie. Legislatívna úprava reštrukturalizácie. 
610 2 0 |a dane z príjmov 
610 2 0 |a reštrukturalizácia 
610 2 0 |a dlžníci 
610 2 0 |a Slovensko 
610 2 0 |a legislatíva 
610 2 0 |a pohľadávky 
100 1 |a Vanková, Lucia